Κριτική βυζαντινού βιβλίου αριθμητικής : Χερμπερτ Χούνγκερ και Κουρτ Φογκελ, εν βυζαντινόν βιβλίον αριθμητικής του 15ου αιώνος, υπομνήματα της Αυστριακής Ακαδημίας των Επιστημών : Herbert Hunger und Kurt Vogel, ein byzantinisches Rechenbuch des 15. Jahrhunderts, Denkschriften der Osterreichischen Akademie der Wissenschaften
Αποθηκεύτηκε σε:
| Κύριος συγγραφέας: | |
|---|---|
| Μορφή: | Βιβλίο |
| Γλώσσα: | Greek |
| Δημοσίευση: |
Αθήναις :
Τυπογραφείον Ανδρέου Σιδέρη & Σίας,
1965
|
| Θέματα: | |
| Ετικέτες: |
Προσθήκη ετικέτας
Δεν υπάρχουν, Καταχωρήστε ετικέτα πρώτοι!
|
MARC
| LEADER | 00000cam a2200000 a 4500 | ||
|---|---|---|---|
| 001 | 1/107529 | ||
| 008 | 150717s1965####gr | ||| |||| ||gre|| | ||
| 040 | |a GR-MyUa |b gre |c GR-MyUa |e AACR2 | ||
| 041 | 0 | |a gre | |
| 082 | 7 | |a 510.9 |2 (23) | |
| 100 | 1 | |a Σταμάτης, Ευάγγελος Σ. | |
| 245 | 1 | 0 | |a Κριτική βυζαντινού βιβλίου αριθμητικής : |b Χερμπερτ Χούνγκερ και Κουρτ Φογκελ, εν βυζαντινόν βιβλίον αριθμητικής του 15ου αιώνος, υπομνήματα της Αυστριακής Ακαδημίας των Επιστημών : Herbert Hunger und Kurt Vogel, ein byzantinisches Rechenbuch des 15. Jahrhunderts, Denkschriften der Osterreichischen Akademie der Wissenschaften / |c Ευαγγέλου Σ. Σταμάτη. |
| 260 | |a Αθήναις : |b Τυπογραφείον Ανδρέου Σιδέρη & Σίας, |c 1965 | ||
| 300 | |a 16 σ. ; |c 24 εκ. | ||
| 600 | 1 | 0 | |a Hunger, Herbert, |d 1914-2000. |
| 600 | 1 | 0 | |a Vogel, Kurt, |d 1888-1985. |
| 650 | 0 | |a Arithmetic |x Early works to 1800. | |
| 650 | 0 | |a Mathematics |x Early works to 1800. | |
| 852 | |a INST |b SAMOS |c MAG |e 20150717 |h 510.9 ΣΤΑ |p 005300042380 |q 005300042380 |t BK |y 0 | ||
| 970 | |a Σιτζίμη |b Γιασεμή |z 17/07/2015 | ||